Možnosti zníženia hluku padacích nožníc

Podrobná bibliografia
Hlavní autori: Vanovčák, Felix (Autor), Vanovčan, Felix (Autor)
Médium: Článok
Jazyk:slovenčina
Fyzický popis:Sch. 3. Tb. 1. Res. rus., angl.
Predmet:

MARC

LEADER 00000nab a2200000 a 4500
001 vtls000378718
003 SK-MaSNL
005 20260304081335.0
008 250424c1990 xo 0 slo
015 |a SNBRB19rr/mm-uuuuu 
035 |a CL0378840 
035 |a urn:nbn:sk:snk-aban0t 
035 |a (urnnbn)urn:nbn:sk:snk:ar-a0aooa 
035 |a (uuid)aa7f7f53-3971-41cc-bd5f-0173ec21386a 
040 |a SNKBUCL  |b slo  |c SNKBUCL  |e AACR2 
041 0 |a slo 
044 |a xo  |c SK 
080 |a 628.517.4:672.714  |2 1981 
080 |a 672.714  |2 1981 
080 |a 614.872  |2 1981 
100 1 |a Vanovčák, Felix  |4 aut  |9 1369782 
245 1 0 |a Možnosti zníženia hluku padacích nožníc  |c Felix Vanovčák ; Felix Vanovčan 
300 |b Sch. 3. Tb. 1. Res. rus., angl. 
650 0 7 |a nožnice padacie  |2 snkbucl  |9 1369783 
650 0 7 |a strihanie plechu  |2 snkbucl  |9 940988 
650 0 7 |a hluk  |2 snkbucl  |9 3699 
655 7 |a články z novín a časopisov  |2 snkbucl  |9 267496 
700 1 |a Vanovčan, Felix  |4 aut  |9 444288 
773 0 |t Bezpečná práca  |g Roč. 21, č. 1 (1990), s. 13-16 
850 |a Slovenská národná knižnica 
852 |a Slovenská národná knižnica 
954 |a odborná, vedecká literatúra pôvodná (slovenská)  |2 lita 
958 |a article14 
958 |a OND 
958 |a RK 
958 |a MI 
958 |a EUIPO 
992 |a RBX 
999 |c 2790440  |d 2792370